Heimatbuch der Deutschen aus Russland (Titelsatznr. 32599)
[ MARC ]
| 000 -Satzkennung | |
|---|---|
| Kontrollfeld mit fester Länge | 00444nas a22001691c 4500 |
| 001 - Kontrollnummer | |
| Kontrollfeld | a987696091 |
| 008 - Feld mit fester Länge zur physischen Beschreibung - Allgemeine Angaben | |
| Kontrollfeld mit fester Länge | 210302m1956 gw |||| 000u ger d |
| 040 ## - Katalogisierungsquelle | |
| Übertragungsstelle | RU-10907106 |
| 003 - Kontrollnummer Identifier | |
| Kontrollfeld | RU-10907106 |
| 245 00 - Titel | |
| Titel | Heimatbuch der Deutschen aus Russland |
| 264 ## - Produktion, Veröffentlichung, Distribution, Herstellung und Urheberrechtsvermerk | |
| Herstellungs-, Veröffentlichungs- Vertriebs-, Erzeugungsort | Stuttgart, |
| Datum der Herstellung, der Veröffentlichung, des Vertriebs oder des Urheberschutzvermerks | [2021] |
| 362 0# - Erscheinungsdaten und/oder Bandbezeichnung | |
| Datumsangaben der Veröffentlichung und/oder Bandbezeichnung | 1956- |
| 700 1# - Nebeneintragung - Personenname | |
| Personenname | Stumpp, Karl |
| Funktionsbezeichnung | HerausgeberIn |
| 710 2# - Nebeneintragung - Körperschaftsname | |
| Körperschafts- oder Gebietskörperschaftsname als Eintragungselement | Landsmannschaft der Deutschen aus Russland |
| 910 00 - USER-OPTION DATA (OCLC) | |
| User-option data | 1959 ; 1963 |
| 942 ## - Zusätzliche Felder (Koha) | |
| Koha-Medientyp | Monographien |
| Ausgeschieden | Verloren | Beschädigt | Nicht entleihbar | Heimatbibliothek | Aufenthaltsbibliothek | Erwerbungsdatum | Heft/Jahrgang | Inventarnummer | Barcode | Letzte Aktivität | Preis gültig von | Koha-Medientyp |
|---|---|---|---|---|---|---|---|---|---|---|---|---|
| MWN Osteuropa | MWN Osteuropa | 02/03/2021 | 1959 ; 1963 | 21-00616; 21-00617 | 32603 | 12/04/2021 | 22/03/2021 | Monographien |